000 00655nam a2200277Ia 4500
005 20260121124643.0
008 008 260114s9999 xx 000 0 eng d
020 _a9781529220988
037 _aEBOOK
040 _aCRL
040 _beng
040 _cCRL
041 _2eng
041 _aeng
084 _qCRL
100 _aAtkins, Ed
_9979657
245 2 _aA Just Energy Transition
260 _bWalter de Gruyter
260 _bWalter de Gruyter
260 _c2023
650 _aPolitical Science
_9979658
856 _uhttp://www.degruyter.com/isbn/9781529220988
942 _cEBOOK
999 _c1556194
_d1556194